Nam thi hợp tuyển

Sparad:
Bibliografiska uppgifter
Huvudupphovsman: Ôn Như
Materialtyp: Bok
Språk:Undetermined
Publicerad: Hà Nội VHTT 2000
Ämnen:
Taggar: Lägg till en tagg
Inga taggar, Lägg till första taggen!
Thư viện lưu trữ: Trung tâm Học liệu Trường Đại học Cần Thơ
LEADER 00522nam a2200169Ia 4500
001 CTU_39261
008 210402s9999 xx 000 0 und d
082 |a 809 
082 |b Ng419 
100 |a Ôn Như 
245 0 |a Nam thi hợp tuyển 
245 0 |c Ôn Như, Nguyễn Văn Ngọc 
260 |a Hà Nội 
260 |b VHTT 
260 |c 2000 
650 |a vietnamese literature - history and criticism,vietnamese poetry - history and criticism 
980 |a Trung tâm Học liệu Trường Đại học Cần Thơ